Escritos 1919-1920 : (Registro nro. 25518)

Detalles MARC
000 -LEADER
fixed length control field 01110nam a2200301 4500
001 - CONTROL NUMBER
control field 0000016744
003 - CONTROL NUMBER IDENTIFIER
control field CO-CtgCURN
005 - DATE AND TIME OF LATEST TRANSACTION
control field 20250331191036.0
007 - PHYSICAL DESCRIPTION FIXED FIELD--GENERAL INFORMATION
fixed length control field ta
008 - FIXED-LENGTH DATA ELEMENTS--GENERAL INFORMATION
fixed length control field 160627s1997 000 0 eng d
020 ## - INTERNATIONAL STANDARD BOOK NUMBER
International Standard Book Number 3488386109
040 ## - CATALOGING SOURCE
Original cataloging agency CO-CtgCURN
Language of cataloging spa
Transcribing agency coctgcurn
082 0# - DEWEY DECIMAL CLASSIFICATION NUMBER
Classification number 724
Item number T229e
100 1# - MAIN ENTRY--PERSONAL NAME
Personal name Taut, Bruno.
245 10 - TITLE STATEMENT
Title Escritos 1919-1920 :
Remainder of title la corona de la ciudad, arquitectura alpina, el constructor del mundo, la disolucion de las ciudades /
Statement of responsibility, etc. Bruno Taut , traducción de María Dolores Abalos.
260 ## - PUBLICATION, DISTRIBUTION, ETC.
Place of publication, distribution, etc. Madrid :
Name of publisher, distributor, etc. El Croquis,
Date of publication, distribution, etc. 1997.
300 ## - PHYSICAL DESCRIPTION
Extent 299 p.
336 ## - CONTENT TYPE
Source rdacontent
337 ## - MEDIA TYPE
Source rdamedia
Media type term sin mediacion
Media type code n
338 ## - CARRIER TYPE
Source rdacarrier
Carrier type term volumen
Carrier type code nc
490 1# - SERIES STATEMENT
Series statement Biblioteca de arquitectura ;
Volume/sequential designation 6
505 8# - FORMATTED CONTENTS NOTE
Formatted contents note La corona de la ciudad.--Arquitectura alpina.--El constructor del mundo.--La disolucion de las ciudades
650 14 - SUBJECT ADDED ENTRY--TOPICAL TERM
Topical term or geographic name entry element Arquitectura moderna
Form subdivision Ensayos, conferencias, etc.
700 1# - ADDED ENTRY--PERSONAL NAME
Personal name Abalos, María Dolores.
908 ## - PUT COMMAND PARAMETER (RLIN)
Put command parameter 160627
942 ## - ADDED ENTRY ELEMENTS (KOHA)
Koha item type Libros
Classification part 724
Item part T229e
Source of classification or shelving scheme Dewey Decimal Classification
Existencias
Withdrawn status Lost status Source of classification or shelving scheme Damaged status Not for loan Collection Home library Current library Shelving location Date acquired Inventory number Total checkouts Full call number Barcode Date last seen Price effective from Koha item type Public note
    Dewey Decimal Classification     General Miguel Henríquez Castañeda Miguel Henríquez Castañeda General 03/31/2025 005498   724 T229e 005498 03/31/2025 03/31/2025 Libros 720-ARQPAI